000 00357nam a2200169Ia 4500
003 0STCL
008 150530s9999 xx 000 0 und d
040 _aSTCL
_cSTCL
100 _aPhyllis Bentley
245 _aBonte sisters
250 _aFirst
260 _c1950
546 _aEnglish
942 _2ddc
_cBK
999 _c52224
_d52224
005 20220125170855.0